Hodnotenie dôkazov v daňovom práve

Bibliographic Details
Main Author: Sábo, Jozef, 1988- (Author)
Format: Software eBook
Language:Slovak
PhysicalDescription:1 CD-ROM 12 cm
Published: Košice ŠafárikPress 2022
ISBN:9788081528811
Edition:Prvé vydanie
Subjects:

MARC

LEADER 00000nam a2200000 4500
001 vtls012141337
003 SK-MaSNL
005 20260301231332.0
007 co bg auuua
008 220629s2020 xo fqn 001 0 slo
015 |a SNBS2022 
020 |a 9788081528811  |q (elektronická kniha) 
040 |a SNK  |b slo  |c SNK  |e rda 
041 0 |a slo  |b eng 
044 |a xo  |c SK 
072 7 |2 konspekt 
080 |2 2011 
100 1 |a Sábo, Jozef,  |d 1988-  |4 aut  |9 240326 
245 1 0 |a Hodnotenie dôkazov v daňovom práve  |c Jozef Sábo  |c Jozef Sábo 
250 |a Prvé vydanie 
264 1 |a Košice  |b ŠafárikPress  |c 2022 
300 |a 1 CD-ROM  |c 12 cm 
336 |a text  |b txt  |2 rdacontent 
337 |a počítač  |b c  |2 rdamedia 
338 |a počítačový disk  |b cd  |2 rdacarrier 
347 |a textový súbor  |b PDF  |2 rda 
366 |e 100 kusov 
500 |a Nad názvom Univerzita Pavla Jozefa Šafárika v Košiciach. Právnická fakulta. Katedra finančného práva, daňového práva a ekonómie 
504 |a Obsahuje bibliografiu na strane 221-234 ; vecný register 
655 7 |a CD-ROM  |2 SNKPH  |9 70236 
710 2 |a Univerzita Pavla Jozefa Šafárika v Košiciach.  |b Právnická fakulta  |4 pbl  |9 176184 
919 |a 978-80-8152-881-1 
999 |c 958039  |d 959969 
952 |a SNK  |b SNK  |y NEVYP  |7 1  |p 17A1491676  |o snkSCDM 12375  |i snk2022/10761  |8 0  |0 0  |1 0  |4 0  |d 2022-06-29  |l 0  |r 2026-02-24 10:09:49  |w 2026-02-24